Normal view
MARC view
Entry Personal Name
001 - CONTROL NUMBER
- control field: 15431
003 - CONTROL NUMBER IDENTIFIER
- control field: BD-RjUL
005 - DATE AND TIME OF LATEST TRANSACTION
- control field: 20250508131152.0
008 - FIXED-LENGTH DATA ELEMENTS
- fixed length control field: 250508|| aca||aabn | a|a d
040 ## - CATALOGING SOURCE
- Original cataloging agency: BD-RjUL
- Transcribing agency: BD-RjUL
100 ## - HEADING--PERSONAL NAME
- Personal name: Iqbal, Muhammad,
- Titles and other words associated with a name: Sir,
- Dates associated with a name: 1877-1938.
- Title of a work: Z̤arb-i kalīm
670 ## - SOURCE DATA FOUND
- Source citation: Work cat.: (BD-RjUL)84908: 880-01 Zāhid, Muḥammad Ramẓān, 1949- author. 15430, ضرب کلیم و شرح احوال اقبال / Zarb Kaleem wa sarha Ahwal i Iqbal /